Statistics for Country Antipodes of Africa

Click here to take the quiz!

General Stats

  • This quiz has been taken 26 times
    (22 since last reset)
  • The average score is 13 of 16

Answer Stats

Antipode(s)Country% Correct
NigerSamoa
100%
Algeria | NigerTonga
100%
Côte d'Ivoire | GhanaTuvalu
100%
Burkina Faso | MaliFiji
95%
Central African Republic | D.R. Congo | Nigeria | South Sudan | SudanKiribati (Line Islands, Orona Atoll)
95%
Guinea | MaliSolomon Islands (Temotu)
95%
Botswana | NamibiaUnited States (Hawaii)
95%
Mali | Mauritania | SenegalVanuatu
95%
Cameroon | Central African Republic | Chad | Libya | NigeriaCook Islands
81%
Egypt | Eritrea | Ethiopia | SudanFrench Polynesia
81%
MoroccoNew Zealand (North Island)
81%
Mauritania | MoroccoNew Caledonia
76%
NigerNiue
76%
NigeriaTokelau
62%
NigerAmerican Samoa
48%
NigerWallis and Futuna
38%

Score Distribution

Percentile by Number Answered

Percent of People with Each Score

Your Score History

You have not taken this quiz since the last reset